Normal view
MARC view
- Isolating mechanisms
Entry Topical Term
001 - CONTROL NUMBER
- control field: 120691
003 - CONTROL NUMBER IDENTIFIER
- control field: NUST
005 - DATE AND TIME OF LATEST TRANSACTION
- control field: 20240219113233.0
008 - FIXED-LENGTH DATA ELEMENTS
- fixed length control field: 240219|| aca||aabn | a|a d
040 ## - CATALOGING SOURCE
- Original cataloging agency: NUST
- Transcribing agency: NUST
150 ## - HEADING--TOPICAL TERM
- Topical term or geographic name entry element: Isolating mechanisms
670 ## - SOURCE DATA FOUND
- Source citation: Work cat.: (NUST): Charleson, Andrew, author. 32168, Seismic isolation for architects /, 2017.
